Diurne notturne : poesie 1989-1999 /

Saved in:
Bibliografiske detaljer
Hovedforfatter: Cuenca, Ana (Author)
Format: Bog
Sprog:italiensk
Udgivet: Bologna : Lesbacce incolte, 1999
Tags: Tilføj Tag
Ingen Tags, Vær først til at tagge denne postø!

MARC

LEADER 00000nam a22000007i 4500
001 IT\ICCU\UBO\1637859
003 ItRI
005 20260115232232.0
008 051018s1999 it |||||| ||||| |||||c
040 |b ita  |c importazione bologna sebina 
041 7 |a ita  |2 ISO-639-2 
100 1 |a Cuenca, Ana  |0 IT\ICCU\UBOV\617652  |4 aut 
245 1 0 |a Diurne notturne :  |b poesie 1989-1999 /  |c Ana Cuenca. 
260 |a Bologna :  |b Lesbacce incolte,  |c 1999 
300 |a 81 p. ;  |c 21 cm. 
942 |2 ddc  |c BK  |n 0 
952 |0 0  |1 0  |4 0  |6 L_851_914000000000000_CUE  |7 0  |9 22556  |a BO  |b BO  |d 2026-01-15  |i 6057  |l 0  |o L 851.914 CUE  |p BO6057  |r 2026-01-15 23:22:32  |w 2026-01-15  |x [Sebina 5] [1 v.]  |y BK  |z 1 v. 
999 |c 19262  |d 19262